LEADER 01471nam a2200301 u 4500 001 000000007625 003 CaOOAMICUS 005 20070226105014.0 008 941110s1953 fr u000 u fre u 035 $a10199574 040 $aPUL$bita 100 1 $aFeuillet, André,$cS.S.$0(OLS)http://pul/name/7658 245 13$aLe Cantique des Cantiques :$bétude de théologie biblique et réflexions sur une méthode d'exégèse /$cAndré Feuillet, P.S.S. 260 $aParis :$bCerf,$c1953. 300 $a258 p. ;$c23 cm 490 1 $aLectio divina ;$v10 504 $aBibliografia: p. [254]-256. 630 04$aBiblia.$pV.T.$pCanticum canticorum$xCommenti.$0(OLS)http://pul/subject/6701 830 0$aLectio divina ;$v10.$0(OLS)http://pul/title/3461 850 $aPUL 852 $aPUL$W1$xDP1 Fondo Dalla Palma$y117$m3 B 33$j55941$qFondi$B195043$CPULBib$Z2$F195043 $HDal1754 $81 852 $aPUL$W1$xSL Religione 1$y3$m9 I 10$j10772$nBK-PRI$b $qStampati$B10772$CPULBib$Z2$F10772 $H $81 852 $aPUL$W1$xDP1 Fondo Cecchetti$y53$m265 I 1$j10773$nBK-PRI$b $qFondi$B10773$CPULBib$Z2$F10773 $HPUL1330 $81 941 1 $a1 941 1 $a8 961 $aINV: 18206 996 $6245$aLe Cantique des Cantiques :$bétude de théologie biblique et réflexions sur une méthode d'exégèse$9(OLS)http://pul/title/11135 996 $6260$aParis :$bCerf$9(OLS)http://pul/publisher/48238 LEADER 01281nam a2200325 u 4500 001 000000054743 003 CaOOAMICUS 005 20070226115716.0 008 001227s1995 it a u000 u ita u 020 $a888649503X 035 $a10864488 040 $aMSA$bita 041 1 $aita$hfre 100 1 $aUrech, Édouard.$0(OLS)http://pul/name/20806 240 10$aDictionnaire des symboles chrétiens.$lItaliano.$0(OLS)http://pul/title/73366 245 10$aDizionario dei simboli cristiani /$cÉdouard Urech. 260 $aRoma :$bArkeios,$c1995. 300 $a271 p. :$bill. ;$c25 cm 490 1 $aLa via dei simboli 500 $aContiene indici. 650 4$aArte cristiana e simbolismo.$0(OLS)http://pul/subject/22343 650 4$aSimbolismo cristiano.$0(OLS)http://pul/subject/2212 830 3$aLa via dei simboli.$0(OLS)http://pul/title/48499 850 $aPUL 852 $aPUL$W1$xSL Cons. Gen., Altre Classi 1$y1$m2004 D $j65611$nBK-PRI$b $qStampati$B72068$CPULBib$Z2$F72068 $H $81 941 1 $a8 961 $aINV: 73258 996 $6020$a888649503X$9(OLS)http://pul/number/68908 996 $6245$aDizionario dei simboli cristiani$9(OLS)http://pul/title/73367 996 $6260$aRoma :$bArkeios$9(OLS)http://pul/publisher/58291